[Event "Open Mediterranean 2017"]
[Site "Rijeka CRO"]
[Date "2009.11.29"]
[Round "2.2"]
[White "Predojevic, Borki"]
[Black "Stojanovic, Andjelija"]
[Result "1/2-1/2"]
[WhiteElo "2652"]
[BlackElo "2329"]
[PlyCount "185"]
[EventDate "2009.11.28"]
[EventType "swiss"]
[EventRounds "9"]
[EventCountry "CRO"]
[Source "lmi"]
[SourceDate "2009.11.28"]

1. e4 d6 2. d4 Nf6 3. Bd3 e5 4. c3 Be7 5. Nf3 Nc6 6. d5 Nb8 7. c4 O-O 8. Nc3 c5
9. Rb1 h6 10. a3 a5 11. g3 Nh7 12. h4 Bg4 13. Be2 f5 14. Nd2 Bxe2 15. Qxe2 f4
16. Nf3 Nd7 17. g4 Re8 18. Bd2 Nhf8 19. Kd1 Nb6 20. Kc2 g6 21. g5 h5 22. Nb5
Qd7 23. Bc3 Bd8 24. Qf1 Kf7 25. Qh3 Qxh3 26. Rxh3 Ke7 27. Nd2 Nfd7 28. Ra1 Na4
29. Nb1 Nxc3 30. N1xc3 a4 31. Rb1 Ra6 32. Kd3 Bb6 33. Rhh1 Rea8 34. Rhc1 Bd8
35. Rc2 Nb6 36. Ne2 Nd7 37. Nbc3 Bb6 38. Rcc1 R6a7 39. Ra1 Bd8 40. Rcb1 Bb6 41.
Ra2 Bd8 42. Nc1 Bb6 43. Nb5 Ra6 44. Ne2 Ba5 45. b3 axb3 46. Rxb3 Rc8 47. Rab2
b6 48. Nc1 Raa8 49. Kc2 Ra6 50. Rf3 Raa8 51. Nd3 Ra6 52. Rb3 Raa8 53. Kc1 Ra6
54. Kd1 Raa8 55. Ke2 Ra6 56. Rb2 Raa8 57. Nc1 Ra6 58. Nb3 Raa8 59. Kd1 Ra6 60.
Kc2 Raa8 61. Rh3 Ra6 62. Rh1 Raa8 63. Ra1 Ra6 64. f3 Raa8 65. Nxa5 Rxa5 66. Nc3
Rca8 67. Rb3 R8a7 68. a4 Ra8 69. Raa3 R8a7 70. Rb1 Ra8 71. Rab3 R8a6 72. Rb5
Ra7 73. Kb3 R5a6 74. Rb2 Ra8 75. Ra2 Ra5 76. Kc2 R5a6 77. Rb3 Ra5 78. Rba3 Nb8
79. Rb2 Nd7 80. Rab3 R8a6 81. Rb5 Ra7 82. Rxb6 Nxb6 83. Rxb6 R5a6 84. Rb8 Ra8
85. Rb7+ Kf8 86. Kb3 R6a7 87. Rb6 Ke7 88. Rc6 Kd7 89. Nb5 Ra6 90. Rc7+ Kd8 91.
Rg7 Rxa4 92. Rxg6 Rb4+ 93. Kc3 1/2-1/2

[Event "Open Mediterranean 2017"]
[Site "Rijeka CRO"]
[Date "2009.11.29"]
[Round "2.3"]
[White "Getz, Nicolai"]
[Black "Kozul, Zdenko"]
[Result "0-1"]
[WhiteElo "2270"]
[BlackElo "2604"]
[PlyCount "60"]
[EventDate "2009.11.28"]
[EventType "swiss"]
[EventRounds "9"]
[EventCountry "CRO"]
[Source "lmi"]
[SourceDate "2009.11.28"]

1. e4 c5 2. c3 Nf6 3. e5 Nd5 4. Bc4 e6 5. d4 cxd4 6. Bxd5 exd5 7. Qxd4 Nc6 8.
Qxd5 d6 9. exd6 Bxd6 10. Bg5 Qc7 11. Nf3 O-O 12. O-O Be6 13. Qe4 Rfe8 14. Qh4
f6 15. Be3 g5 16. Qh5 Bf7 17. Qg4 h5 18. Qf5 g4 19. Nh4 Bxh2+ 20. Kh1 Be5 21.
f4 Ne7 22. Qc2 Nd5 23. Qf2 Nxe3 24. Qxe3 Bd6 25. Qc1 Re2 26. c4 Qxc4 27. Nc3
Ree8 28. f5 Qd3 29. Rd1 Re1+ 30. Rxe1 Qg3 0-1

[Event "Open Mediterranean 2017"]
[Site "Rijeka CRO"]
[Date "2009.11.29"]
[Round "2.4"]
[White "Lenic, Luka"]
[Black "Ciganovic, Nikola"]
[Result "1-0"]
[WhiteElo "2598"]
[BlackElo "2276"]
[PlyCount "68"]
[EventDate "2009.11.28"]
[EventType "swiss"]
[EventRounds "9"]
[EventCountry "CRO"]
[Source "lmi"]
[SourceDate "2009.11.28"]

1. d4 Nf6 2. c4 g6 3. Nc3 Bg7 4. e4 d6 5. f3 O-O 6. Be3 a5 7. Bd3 e5 8. Nge2
Nc6 9. d5 Nb4 10. Bb1 Ne8 11. Qd2 f5 12. exf5 gxf5 13. a3 Na6 14. f4 e4 15. Bc2
c6 16. h3 b5 17. dxc6 b4 18. axb4 axb4 19. Nd5 Rb8 20. Ba7 b3 21. Bxb8 bxc2 22.
Ba7 Bxb2 23. Ra2 Bg7 24. O-O Nf6 25. Rxc2 Nc5 26. c7 Qe8 27. Nxf6+ Bxf6 28.
Qxd6 Be7 29. Qe5 Qa4 30. Qxe7 Qxa7 31. Kh2 Ne6 32. Rc3 Qxc7 33. Qxc7 Nxc7 34.
Rd1 Be6 1-0

[Event "Open Mediterranean 2017"]
[Site "Rijeka CRO"]
[Date "2009.11.29"]
[Round "2.5"]
[White "Heifez, Eugen"]
[Black "Safarli, Eltaj"]
[Result "0-1"]
[WhiteElo "2245"]
[BlackElo "2592"]
[PlyCount "82"]
[EventDate "2009.11.28"]
[EventType "swiss"]
[EventRounds "9"]
[EventCountry "CRO"]
[Source "lmi"]
[SourceDate "2009.11.28"]

1. e4 e5 2. Nf3 Nc6 3. Bb5 a6 4. Bxc6 dxc6 5. Nc3 f6 6. d4 exd4 7. Qxd4 Qxd4 8.
Nxd4 Bd7 9. Be3 O-O-O 10. O-O-O Ne7 11. h4 h5 12. f3 Ng6 13. Nde2 Bd6 14. Bf2
Rde8 15. Rd2 Be6 16. Kb1 Ne5 17. Rhd1 Rhg8 18. a3 Nc4 19. Rd3 g5 20. hxg5 fxg5
21. Nd4 Bd7 22. Nf5 Bxf5 23. exf5 Rgf8 24. Ne4 Be5 25. Bd4 Rxf5 26. Bxe5 Nxe5
27. Rd4 h4 28. b3 b6 29. Nf2 Ng6 30. Re4 Rxe4 31. Nxe4 Nf4 32. Rd2 Rd5 33. Kc1
Rxd2 34. Kxd2 Nxg2 35. Nxg5 Kd7 36. Nh3 Ke6 37. Ke2 Kf5 38. Kf2 Nf4 39. Ng1 Ke5
40. c3 c5 41. a4 a5 0-1

[Event "Open Mediterranean 2017"]
[Site "Rijeka CRO"]
[Date "2009.11.29"]
[Round "2.6"]
[White "Palac, Mladen"]
[Black "Medancic, Rikard"]
[Result "1/2-1/2"]
[WhiteElo "2578"]
[BlackElo "2251"]
[PlyCount "46"]
[EventDate "2009.11.28"]
[EventType "swiss"]
[EventRounds "9"]
[EventCountry "CRO"]
[Source "lmi"]
[SourceDate "2009.11.28"]

1. e4 c5 2. Nf3 d6 3. d4 cxd4 4. Nxd4 Nf6 5. Nc3 Bd7 6. Bg5 e6 7. Qd2 a6 8. Be2
h6 9. Be3 b5 10. a3 Nc6 11. f4 Qc7 12. Nb3 Be7 13. g4 b4 14. axb4 Nxb4 15. Bf3
d5 16. e5 Ne4 17. Nxe4 Nxc2+ 18. Kf2 dxe4 19. Bxe4 Nxa1 20. Rxa1 Rb8 21. Rc1
Qd8 22. Nc5 Bb5 23. Qc2 O-O 1/2-1/2

[Event "Open Mediterranean 2017"]
[Site "Rijeka CRO"]
[Date "2009.11.29"]
[Round "2.7"]
[White "Muslija, Idris"]
[Black "Bosiocic, Marin"]
[Result "0-1"]
[WhiteElo "2223"]
[BlackElo "2575"]
[PlyCount "92"]
[EventDate "2009.11.28"]
[EventType "swiss"]
[EventRounds "9"]
[EventCountry "CRO"]
[Source "lmi"]
[SourceDate "2009.11.28"]

1. c4 b6 2. Nc3 Bb7 3. Nf3 e6 4. g3 Bxf3 5. exf3 g6 6. d4 Bg7 7. Bg2 d5 8. f4
c6 9. O-O Ne7 10. Be3 O-O 11. Qe2 Nd7 12. Rfd1 a6 13. Rac1 Qb8 14. h4 h5 15.
Bh3 Ra7 16. Rc2 Rd8 17. b3 Nf6 18. Na4 Ne4 19. Bg2 b5 20. Nb2 Nf5 21. c5 Rad7
22. Bh3 Qc7 23. Kg2 Re7 24. Qe1 Rde8 25. Rd3 Bh6 26. Bd2 Bg7 27. Ba5 Qb7 28.
Qd1 Nf6 29. Qd2 Ng4 30. Nd1 f6 31. Bxg4 hxg4 32. Qe2 e5 33. dxe5 fxe5 34. fxe5
Rxe5 35. Qxg4 Qf7 36. Rf3 Qe6 37. Bc7 Re1 38. Rd3 Re4 39. Qh3 Qf7 40. Ba5 Rf8
41. Bc3 d4 42. Ba5 b4 43. Bxb4 Ne3+ 44. fxe3 Qf1+ 45. Kh2 Qxd3 46. Qg2 dxe3 0-1

[Event "Open Mediterranean 2017"]
[Site "Rijeka CRO"]
[Date "2009.11.29"]
[Round "2.8"]
[White "Chatalbashev, Boris"]
[Black "Urukalovic, Roman"]
[Result "1-0"]
[WhiteElo "2561"]
[BlackElo "2237"]
[PlyCount "57"]
[EventDate "2009.11.28"]
[EventType "swiss"]
[EventRounds "9"]
[EventCountry "CRO"]
[Source "lmi"]
[SourceDate "2009.11.28"]

1. d4 Nf6 2. c4 c5 3. d5 e6 4. Nc3 exd5 5. cxd5 d6 6. e4 g6 7. Bd3 Bg7 8. Nge2
O-O 9. O-O a6 10. a4 Nbd7 11. Ng3 Qc7 12. f4 Rb8 13. Be3 c4 14. Bc2 Nc5 15. h3
b5 16. axb5 axb5 17. e5 Ne8 18. Nge4 Nxe4 19. Nxe4 Bf5 20. Ra7 Qd8 21. e6 fxe6
22. dxe6 Bxe6 23. Ng5 Qf6 24. Rf2 h6 25. Nxe6 Qxe6 26. Bd4 Qd5 27. Qg4 Qxd4 28.
Qe6+ Kh8 29. Qxg6 1-0

[Event "Open Mediterranean 2017"]
[Site "Rijeka CRO"]
[Date "2009.11.29"]
[Round "2.9"]
[White "Franciskovic, Borka"]
[Black "Gajewski, Grzegorz"]
[Result "0-1"]
[WhiteElo "2215"]
[BlackElo "2561"]
[PlyCount "80"]
[EventDate "2009.11.28"]
[EventType "swiss"]
[EventRounds "9"]
[EventCountry "CRO"]
[Source "lmi"]
[SourceDate "2009.11.28"]

1. c4 e6 2. Nc3 Bb4 3. Qc2 Nf6 4. a3 Bxc3 5. Qxc3 d5 6. Nf3 O-O 7. e3 b6 8. Be2
c5 9. b3 Ne4 10. Qc2 Bb7 11. Bb2 Nd7 12. d3 Nd6 13. O-O Rc8 14. Rfd1 Qe7 15.
Rac1 Rfd8 16. Bc3 f6 17. Qb2 Qf7 18. Nd2 Nf5 19. cxd5 exd5 20. d4 Nf8 21. dxc5
bxc5 22. Ba5 Re8 23. Nf3 Ne6 24. b4 c4 25. a4 Qg6 26. g3 d4 27. Nxd4 Nfxd4 28.
Rxd4 Nxd4 29. Qxd4 c3 30. Bd3 Qh5 31. e4 Qf3 32. Bc4+ Kh8 33. Bd5 Bxd5 34. exd5
Re4 35. Qxa7 c2 36. Qa6 Rec4 37. d6 Qd1+ 38. Kg2 Qxc1 39. d7 Rg8 40. Qxc4 Qd1
0-1

[Event "Open Mediterranean 2017"]
[Site "Rijeka CRO"]
[Date "2009.11.29"]
[Round "2.10"]
[White "Kovacevic, Aleksandar"]
[Black "Drljevic, Ljilja"]
[Result "1-0"]
[WhiteElo "2558"]
[BlackElo "2218"]
[PlyCount "45"]
[EventDate "2009.11.28"]
[EventType "swiss"]
[EventRounds "9"]
[EventCountry "CRO"]
[Source "lmi"]
[SourceDate "2009.11.28"]

1. e4 d6 2. d4 Nf6 3. Nc3 g6 4. f4 Bg7 5. Nf3 O-O 6. Bd3 Na6 7. O-O c5 8. d5
Bg4 9. Bc4 Nc7 10. h3 Bxf3 11. Qxf3 e6 12. dxe6 fxe6 13. Be3 b6 14. Rad1 Qe7
15. Bf2 Nd7 16. Qg4 Nf6 17. Qg5 Rae8 18. Bh4 a6 19. e5 dxe5 20. fxe5 Nfd5 21.
Rxf8+ Qxf8 22. Bxd5 exd5 23. Rf1 1-0

[Event "Open Mediterranean 2017"]
[Site "Rijeka CRO"]
[Date "2009.11.29"]
[Round "2.11"]
[White "Juranic, Bruno"]
[Black "Ruck, Robert"]
[Result "0-1"]
[WhiteElo "2214"]
[BlackElo "2556"]
[PlyCount "76"]
[EventDate "2009.11.28"]
[EventType "swiss"]
[EventRounds "9"]
[EventCountry "CRO"]
[Source "lmi"]
[SourceDate "2009.11.28"]

1. e4 c5 2. Nc3 Nc6 3. f4 g6 4. Nf3 Bg7 5. Bc4 e6 6. f5 Nge7 7. fxe6 dxe6 8.
O-O a6 9. d3 h6 10. Ne2 b5 11. Bb3 Na5 12. Be3 Qc7 13. c3 O-O 14. Bc2 Kh7 15.
Qe1 e5 16. Qf2 Nb7 17. Qh4 f6 18. Rf2 Nd8 19. Raf1 Ne6 20. g4 g5 21. Qg3 Ng6
22. h4 Kg8 23. h5 Ngf4 24. Bxf4 gxf4 25. Qg2 Ng5 26. Kh2 Be6 27. a3 Qd7 28. Rb1
Rfc8 29. Nh4 Bf8 30. Nf5 a5 31. Ra1 c4 32. Rd1 cxd3 33. Rxd3 Qb7 34. Rd1 Rd8
35. Rxd8 Rxd8 36. Ng1 Bc5 37. Re2 Bxg1+ 38. Qxg1 Nf3+ 0-1

[Event "Open Mediterranean 2017"]
[Site "Rijeka CRO"]
[Date "2009.11.29"]
[Round "2.12"]
[White "Jovanic, Ognjen"]
[Black "Skrbin, Kresimir"]
[Result "1/2-1/2"]
[WhiteElo "2552"]
[BlackElo "2215"]
[PlyCount "82"]
[EventDate "2009.11.28"]
[EventType "swiss"]
[EventRounds "9"]
[EventCountry "CRO"]
[Source "lmi"]
[SourceDate "2009.11.28"]

1. d4 d5 2. c4 c6 3. Nf3 Nf6 4. e3 Bf5 5. Nc3 e6 6. Nh4 Bg6 7. Be2 Bd6 8. g3
Nbd7 9. O-O O-O 10. Nxg6 hxg6 11. Qb3 Rb8 12. Rd1 Qe7 13. Qc2 Rfd8 14. Bd2 a6
15. c5 Bc7 16. f4 Nh7 17. h4 f5 18. Be1 Nhf6 19. b4 Ne4 20. a4 Nxc3 21. Qxc3
Nf6 22. Qb3 Ne4 23. Kg2 Rdc8 24. Rdb1 Qe8 25. b5 axb5 26. axb5 b6 27. cxb6 Bxb6
28. Bd3 c5 29. dxc5 Nxc5 30. Qd1 Nxd3 31. Qxd3 Rc4 32. Ra6 Qc8 33. Rb2 Qb7 34.
Kh2 Rbc8 35. Ba5 Bxa5 36. Rxa5 d4 37. Rg2 dxe3 38. Qxe3 Re4 39. Ra7 Qxb5 40.
Qa3 Qb4 41. Qxb4 Rxb4 1/2-1/2

[Event "Open Mediterranean 2017"]
[Site "Rijeka CRO"]
[Date "2009.11.29"]
[Round "2.13"]
[White "Tjolsen, Katrine"]
[Black "Cvitan, Ognjen"]
[Result "0-1"]
[WhiteElo "2194"]
[BlackElo "2533"]
[PlyCount "94"]
[EventDate "2009.11.28"]
[EventType "swiss"]
[EventRounds "9"]
[EventCountry "CRO"]
[Source "lmi"]
[SourceDate "2009.11.28"]

1. c4 g6 2. d4 Nf6 3. Nc3 Bg7 4. e4 d6 5. f4 O-O 6. Nf3 c5 7. d5 e6 8. Be2 exd5
9. cxd5 Bg4 10. O-O Nbd7 11. h3 Bxf3 12. Bxf3 Re8 13. g4 h6 14. Qc2 a6 15. Be3
b5 16. Rae1 Rc8 17. h4 Nh7 18. g5 hxg5 19. hxg5 b4 20. Ne2 Ndf8 21. Bg4 Rc7 22.
Ng3 f6 23. gxf6 Qxf6 24. Qh2 Qxb2 25. Re2 Qc3 26. e5 Qd3 27. exd6 Rf7 28. d7
Rxe3 29. d8=Q Rxg3+ 30. Kh1 Rxg4 31. Qc8 Qxd5+ 32. Rg2 Rf5 33. Qh3 Rxg2 34.
Qxg2 Rh5+ 35. Kg1 Bd4+ 36. Rf2 Bxf2+ 37. Kxf2 Qxa2+ 38. Kf3 Qb3+ 39. Kf2 Qc2+
40. Kg3 Qxg2+ 41. Kxg2 a5 42. Qa6 Rf5 43. Qxa5 Nf6 44. Qa2+ Nd5 45. Kg3 Ne6 46.
Qa8+ Kf7 47. Qb7+ Ne7 0-1

[Event "Open Mediterranean 2017"]
[Site "Rijeka CRO"]
[Date "2009.11.29"]
[Round "2.14"]
[White "Drazic, Sinisa"]
[Black "Arvola, Benjamin"]
[Result "1-0"]
[WhiteElo "2519"]
[BlackElo "2207"]
[PlyCount "71"]
[EventDate "2009.11.28"]
[EventType "swiss"]
[EventRounds "9"]
[EventCountry "CRO"]
[Source "lmi"]
[SourceDate "2009.11.28"]

1. d4 e6 2. Nf3 f5 3. d5 Bb4+ 4. Bd2 Qe7 5. dxe6 dxe6 6. a3 Bd6 7. Nc3 Nf6 8.
e4 Nbd7 9. Bc4 Ne5 10. Nxe5 Bxe5 11. exf5 exf5 12. Qe2 Bd7 13. O-O-O O-O-O 14.
Rhe1 Rhe8 15. f4 Bd6 16. Qf2 Bc5 17. Rxe7 Bxf2 18. Rxg7 Bc6 19. Rf1 Bd4 20. Rg5
Ng4 21. h3 h6 22. Rg6 Be3 23. Bd3 Bxg2 24. Re1 Bxd2+ 25. Kxd2 Rxe1 26. Kxe1
Re8+ 27. Kd2 Ne3 28. Rxh6 Nf1+ 29. Bxf1 Bxf1 30. h4 Kd7 31. h5 Re6 32. Rxe6
Kxe6 33. Nd5 c6 34. h6 Kf7 35. Ne7 Bc4 36. Kc3 1-0

[Event "Open Mediterranean 2017"]
[Site "Rijeka CRO"]
[Date "2009.11.29"]
[Round "2.15"]
[White "Martinovic, Sasa"]
[Black "Solic, Kristina"]
[Result "1-0"]
[WhiteElo "2483"]
[BlackElo "2190"]
[PlyCount "119"]
[EventDate "2009.11.28"]
[EventType "swiss"]
[EventRounds "9"]
[EventCountry "CRO"]
[Source "lmi"]
[SourceDate "2009.11.28"]

1. d4 d5 2. c4 c6 3. Nc3 Nf6 4. e3 Bg4 5. f3 Bc8 6. Bd3 e6 7. Nge2 c5 8. cxd5
Nxd5 9. Nxd5 Qxd5 10. e4 Qd8 11. d5 exd5 12. exd5 Bd6 13. Qc2 Nd7 14. Bf4 Qf6
15. Bxd6 Qxd6 16. O-O-O Ne5 17. Nc3 Nxd3+ 18. Rxd3 O-O 19. Ne4 Qf4+ 20. Qd2
Qxd2+ 21. Rxd2 b6 22. Re1 Rd8 23. Nc3 Ba6 24. Re7 Kf8 25. d6 Rxd6 26. Rxa7 Rxa7
27. Rxd6 b5 28. Nd5 g6 29. b4 cxb4 30. Nxb4 Rc7+ 31. Rc6 Rxc6+ 32. Nxc6 f5 33.
Kb2 f4 34. Kb3 Bb7 35. Nb4 Ke7 36. Kc3 Kd6 37. Kd4 g5 38. a3 h6 39. Na2 g4 40.
fxg4 Bxg2 41. Nc3 Bc6 42. Ne4+ Ke6 43. h4 f3 44. Nc5+ Kd6 45. Nd3 Bd7 46. Nf2
Bc6 47. h5 Ke6 48. Ke3 Kf6 49. Kf4 Bd5 50. Nh3 Bc6 51. Kg3 Be4 52. Ng1 Ke5 53.
Nxf3+ Kd5 54. Kf4 Bc2 55. Ne5 Kd4 56. Nf7 Kc3 57. Nxh6 Kb3 58. Nf5 Kxa3 59. h6
b4 60. h7 1-0

[Event "Open Mediterranean 2017"]
[Site "Rijeka CRO"]
[Date "2009.11.29"]
[Round "2.16"]
[White "Kozarcanin, Sead"]
[Black "Saric, Ante"]
[Result "0-1"]
[WhiteElo "2187"]
[BlackElo "2471"]
[PlyCount "88"]
[EventDate "2009.11.28"]
[EventType "swiss"]
[EventRounds "9"]
[EventCountry "CRO"]
[Source "lmi"]
[SourceDate "2009.11.28"]

1. Nf3 g6 2. g3 Bg7 3. Bg2 d5 4. d3 Nf6 5. O-O c5 6. Nbd2 Nc6 7. e4 O-O 8. Re1
e5 9. exd5 Nxd5 10. Nc4 Re8 11. a4 Ndb4 12. Bd2 f6 13. Bc3 Bf5 14. Ne3 Be6 15.
h4 Qd7 16. Nd2 Rad8 17. b3 Qc7 18. Bb2 a6 19. Ne4 b6 20. Re2 h6 21. Rd2 f5 22.
Nc3 Re7 23. Na2 Red7 24. Nxb4 Nxb4 25. Qe1 e4 26. Bxg7 Kxg7 27. Nf1 Bf7 28.
dxe4 Rxd2 29. Nxd2 Nxc2 30. Qc1 Nxa1 31. Qxa1+ Kg8 32. Nc4 fxe4 33. Bxe4 Rd4
34. Bf3 b5 35. axb5 axb5 36. Ne3 h5 37. Qb1 Qd6 38. Be2 Rb4 39. Qf1 Rxb3 40.
Bxb5 Rxe3 41. fxe3 Qxg3+ 42. Qg2 Qxe3+ 43. Qf2 Qxf2+ 44. Kxf2 Kg7 0-1

[Event "Open Mediterranean 2017"]
[Site "Rijeka CRO"]
[Date "2009.11.29"]
[Round "2.17"]
[White "Doric, Darko"]
[Black "Krkljes, Slaven"]
[Result "1-0"]
[WhiteElo "2470"]
[BlackElo "2187"]
[PlyCount "74"]
[EventDate "2009.11.28"]
[EventType "swiss"]
[EventRounds "9"]
[EventCountry "CRO"]
[Source "lmi"]
[SourceDate "2009.11.28"]

1. d4 Nf6 2. c4 e6 3. Nc3 c5 4. d5 exd5 5. cxd5 d6 6. Nf3 g6 7. Bf4 a6 8. a4
Nbd7 9. h3 Qe7 10. e3 Bg7 11. Be2 O-O 12. O-O Rb8 13. Nd2 Ne8 14. Ra3 Ne5 15.
Rb3 f5 16. Bxa6 g5 17. Bh2 g4 18. Re1 Nc7 19. Bf1 Qf7 20. f4 Ng6 21. Nc4 Ne8
22. Rb6 Qe7 23. a5 gxh3 24. gxh3 Nh4 25. Bg3 Rf7 26. Kh2 Bf6 27. Bd3 Rg7 28.
Rg1 Ng6 29. Nb5 Bh4 30. Nbxd6 Bxg3+ 31. Rxg3 Nxd6 32. Rxd6 Bd7 33. Qh5 Bb5 34.
Re6 Qd8 35. Rd6 Qc7 36. Rb6 Nxf4 37. d6 Nxh5 1-0

[Event "Open Mediterranean 2017"]
[Site "Rijeka CRO"]
[Date "2009.11.29"]
[Round "2.18"]
[White "Klobucar, Dean"]
[Black "Neubauer, Martin"]
[Result "0-1"]
[WhiteElo "2174"]
[BlackElo "2452"]
[PlyCount "92"]
[EventDate "2009.11.28"]
[EventType "swiss"]
[EventRounds "9"]
[EventCountry "CRO"]
[Source "lmi"]
[SourceDate "2009.11.28"]

1. e4 e5 2. Nf3 Nc6 3. Bb5 a6 4. Ba4 Nf6 5. Qe2 b5 6. Bb3 Bc5 7. c3 O-O 8. d3
d5 9. Bg5 dxe4 10. dxe4 h6 11. Bxf6 Qxf6 12. Nbd2 Nd8 13. a4 Rb8 14. axb5 axb5
15. O-O Ne6 16. Bxe6 Bxe6 17. Ra5 c6 18. Ra6 Bc8 19. Raa1 Re8 20. b4 Bf8 21.
Nb3 Be6 22. Nfd2 Ra8 23. Qe3 Qg5 24. Qxg5 hxg5 25. Ra5 Red8 26. Rxa8 Rxa8 27.
Rc1 Ra2 28. Ra1 Rc2 29. Rb1 Rxc3 30. Na5 Rc2 31. Nf1 Ba2 32. Ra1 c5 33. Ne3 Rb2
34. Nc6 f6 35. bxc5 Bxc5 36. h3 Rb1+ 37. Rxb1 Bxb1 38. Na5 Bxe4 39. Nb3 Bxe3
40. fxe3 f5 41. Kf2 Kf7 42. g3 Ke6 43. Ke2 Bg2 44. h4 gxh4 45. gxh4 Bd5 46.
Nc5+ Kf6 0-1

[Event "Open Mediterranean 2017"]
[Site "Rijeka CRO"]
[Date "2009.11.29"]
[Round "2.19"]
[White "Rapport, Richard"]
[Black "Staberhofer, Rainer"]
[Result "1-0"]
[WhiteElo "2431"]
[BlackElo "2170"]
[PlyCount "54"]
[EventDate "2009.11.28"]
[EventType "swiss"]
[EventRounds "9"]
[EventCountry "CRO"]
[Source "lmi"]
[SourceDate "2009.11.28"]

1. d4 d5 2. c4 e5 3. dxe5 d4 4. Nf3 Nc6 5. a3 a5 6. Nbd2 Be6 7. g3 Qd7 8. Bg2
Bh3 9. O-O Be7 10. Qb3 Bxg2 11. Kxg2 g5 12. h3 h5 13. Rh1 O-O-O 14. Qb5 Nh6 15.
Nb3 d3 16. Bxg5 dxe2 17. Nxa5 Nxa5 18. Qxa5 Kb8 19. Be3 Qc6 20. Qa7+ Kc8 21.
Bxh6 Bc5 22. Qa8+ Kd7 23. Qa5 Rxh6 24. Qb5 Bd4 25. Qxc6+ Kxc6 26. Ra2 f6 27. e6
e1=N+ 1-0

[Event "Open Mediterranean 2017"]
[Site "Rijeka CRO"]
[Date "2009.11.29"]
[Round "2.20"]
[White "Sikanjic, Bojan"]
[Black "Kovacevic, Blazimir"]
[Result "0-1"]
[WhiteElo "2160"]
[BlackElo "2430"]
[PlyCount "72"]
[EventDate "2009.11.28"]
[EventType "swiss"]
[EventRounds "9"]
[EventCountry "CRO"]
[Source "lmi"]
[SourceDate "2009.11.28"]

1. c4 e6 2. Nc3 d5 3. cxd5 exd5 4. d4 c6 5. Bf4 Qb6 6. Qd2 Nf6 7. a3 Be7 8. e3
Bf5 9. Nf3 O-O 10. Be2 Nbd7 11. O-O Rfe8 12. Ne5 a5 13. Bd3 Bxd3 14. Qxd3 a4
15. Qc2 Qa6 16. b4 axb3 17. Qxb3 Nxe5 18. Bxe5 Nd7 19. Bg3 b5 20. Ra2 Nb6 21.
Rfa1 Nc4 22. a4 b4 23. Ne2 Na3 24. Rc1 Qxa4 25. Qxa4 Rxa4 26. h3 Ra6 27. Nf4
Rea8 28. Nd3 Nc4 29. Rxa6 Rxa6 30. Rb1 f6 31. Kh2 Rb6 32. Nc1 Nd2 33. Rb2 b3
34. Bc7 Ba3 35. Nxb3 Bxb2 36. Nxd2 Ra6 0-1

[Event "Open Mediterranean 2017"]
[Site "Rijeka CRO"]
[Date "2009.11.29"]
[Round "2.21"]
[White "Rukavina, Josip"]
[Black "Soric, Romeo"]
[Result "1-0"]
[WhiteElo "2428"]
[BlackElo "2153"]
[PlyCount "139"]
[EventDate "2009.11.28"]
[EventType "swiss"]
[EventRounds "9"]
[EventCountry "CRO"]
[Source "lmi"]
[SourceDate "2009.11.28"]

1. c4 Nf6 2. Nf3 g6 3. Nc3 Bg7 4. d4 O-O 5. Bf4 d6 6. e3 Nbd7 7. Be2 b6 8. O-O
Bb7 9. Qc2 a6 10. h3 h6 11. Bh2 Qe8 12. Rfd1 e5 13. Nd2 Nh7 14. Bf3 Bxf3 15.
Nxf3 f5 16. dxe5 Nxe5 17. Bxe5 Bxe5 18. Nd5 Rf7 19. Re1 Nf6 20. Nxf6+ Rxf6 21.
e4 f4 22. Rad1 Re6 23. Rd5 g5 24. Nxe5 Rxe5 25. Qd3 Kg7 26. Qc3 Kf7 27. Qf3 Kg7
28. Qc3 Kf7 29. Rxe5 Qxe5 30. Qxe5 dxe5 31. Rd1 Ke7 32. Rd5 Ke6 33. c5 bxc5 34.
Rxc5 Kd6 35. Rd5+ Ke6 36. Ra5 Kd6 37. b4 c6 38. Ra3 h5 39. f3 Ra7 40. Kf2 Ra8
41. Ke2 Ra7 42. Kd3 Ra8 43. Kc3 g4 44. hxg4 hxg4 45. Kd3 gxf3 46. gxf3 Rg8 47.
Rxa6 Rg3 48. b5 Rxf3+ 49. Kc4 Kd7 50. bxc6+ Kd6 51. c7+ Kxc7 52. Kd5 Rd3+ 53.
Kxe5 f3 54. a4 Ra3 55. Rf6 Rxa4 56. Rxf3 Kd7 57. Kf5 Ke7 58. Rd3 Ra5+ 59. e5
Ra6 60. Rh3 Ra1 61. Rh7+ Ke8 62. Kf6 Rf1+ 63. Ke6 Kd8 64. Rh8+ Kc7 65. Ke7 Re1
66. e6 Rf1 67. Rh4 Kc6 68. Rc4+ Kd5 69. Rc2 Re1 70. Kd7 1-0

[Event "Open Mediterranean 2017"]
[Site "Rijeka CRO"]
[Date "2009.11.29"]
[Round "2.22"]
[White "Gandrud, Vegar Koi"]
[Black "Dancevski, Orce"]
[Result "0-1"]
[WhiteElo "2143"]
[BlackElo "2418"]
[PlyCount "94"]
[EventDate "2009.11.28"]
[EventType "swiss"]
[EventRounds "9"]
[EventCountry "CRO"]
[Source "lmi"]
[SourceDate "2009.11.28"]

1. d4 Nf6 2. c4 g6 3. Nc3 Bg7 4. e4 d6 5. Nf3 O-O 6. Be2 Na6 7. O-O e5 8. Be3
Ng4 9. Bg5 f6 10. Bc1 Kh8 11. h3 Nh6 12. Be3 f5 13. Bxh6 Bxh6 14. dxe5 fxe4 15.
Nxe4 Qe7 16. Qd5 dxe5 17. Qxe5+ Qxe5 18. Nxe5 Bf5 19. Ng3 Rae8 20. f4 Bc2 21.
Rf3 Bxf4 22. Raf1 g5 23. Bd3 Nb4 24. Bxc2 Nxc2 25. Nd3 Nd4 26. Rxf4 gxf4 27.
Nxf4 Kg8 28. Rf2 Re1+ 29. Kh2 Ne6 30. Re2 Rxe2 31. Nfxe2 Nf4 32. Nc3 Nd3 33. b3
Rf2 34. Nge4 Rc2 35. Nb5 Ne1 36. Kg1 Rxa2 37. Nxc7 Nxg2 38. Nd5 Ne1 39. Nd6 b6
40. Kf1 Nf3 41. b4 Ne5 42. h4 Kg7 43. b5 Kg6 44. Ne3 Nf3 45. Ng2 Kh5 46. Nf5
Nd2+ 47. Kf2 Kg6 0-1

[Event "Open Mediterranean 2017"]
[Site "Rijeka CRO"]
[Date "2009.11.29"]
[Round "2.23"]
[White "Loncar, Robert"]
[Black "Valenti, Giuseppe"]
[Result "1-0"]
[WhiteElo "2406"]
[BlackElo "2141"]
[PlyCount "73"]
[EventDate "2009.11.28"]
[EventType "swiss"]
[EventRounds "9"]
[EventCountry "CRO"]
[Source "lmi"]
[SourceDate "2009.11.28"]

1. Nf3 Nf6 2. c4 c5 3. Nc3 e6 4. g3 b6 5. Bg2 Bb7 6. O-O Be7 7. Re1 O-O 8. e4
d6 9. d4 cxd4 10. Nxd4 Qc8 11. Be3 a6 12. Rc1 Nbd7 13. f4 Nc5 14. Bf2 Qc7 15.
b4 Ncd7 16. Nd5 exd5 17. cxd5 Qd8 18. Nc6 Bxc6 19. dxc6 Ra7 20. cxd7 Nxd7 21.
Rc6 a5 22. b5 a4 23. Bh3 Nc5 24. Rc8 Qxc8 25. Bxc8 Rxc8 26. Qd5 h6 27. Rc1 a3
28. Rc4 Bf8 29. Kf1 Be7 30. h4 Rcc7 31. f5 Ra5 32. e5 dxe5 33. Qxe5 Rb7 34. f6
gxf6 35. Rg4+ Kf8 36. Qf5 Rc7 37. Be3 1-0

[Event "Open Mediterranean 2017"]
[Site "Rijeka CRO"]
[Date "2009.11.29"]
[Round "2.24"]
[White "Battaglini, Gabriel"]
[Black "Levar, Nenad"]
[Result "1-0"]
[WhiteElo "2398"]
[BlackElo "2138"]
[PlyCount "59"]
[EventDate "2009.11.28"]
[EventType "swiss"]
[EventRounds "9"]
[EventCountry "CRO"]
[Source "lmi"]
[SourceDate "2009.11.28"]

1. d4 Nf6 2. c4 g6 3. Nc3 Bg7 4. e4 d6 5. f3 O-O 6. Be3 e5 7. d5 c6 8. Qd2 cxd5
9. cxd5 Nh5 10. g4 Nf4 11. Nge2 Nxe2 12. Bxe2 Qh4+ 13. Bf2 Qe7 14. O-O-O a6 15.
h4 h6 16. Kb1 b5 17. Rc1 f5 18. gxf5 gxf5 19. Be3 f4 20. Bf2 Bd7 21. a3 Rc8 22.
Na2 Bf6 23. Qa5 Qd8 24. Bb6 Qf8 25. Rxc8 Qxc8 26. Bc7 Be7 27. Nb4 Be8 28. Rc1
Qh3 29. Bxb8 Qg2 30. Bd1 1-0